Podział Królestwa Franków w 987 - Statystyki

Ogólne statystyki
  • Ten quiz został rozwiązany 5 razy
  • Średni wynik to 7 z 13
Statystyki odpowiedzi
Wasale % Poprawnych
Hrabstwo Bretanii / Bretania
100%
Księstwo Akwitanii / Akwitania
100%
Księstwo Normandii / Normandia
100%
Księstwo Burgundii / Burgundia
80%
Hrabstwo Flandrii / Flandria
60%
Hrabstwo Tuluzy / Tuluza
60%
Hrabstwo Barcelony / Barcelona
40%
Księstwo Gaskonii / Gaskonia
40%
Margrabstwo Szampanii / Szampania
40%
Hrabstwo Blois / Blois
20%
Hrabstwo Vermandois / Vermandois
20%
Hrabstwo Andegawenii i Maine / Andegawenia i Maine
0%
Margrabstwo Gocji / Gocja
0%
Nie znaleziono quizów pasujących do podanych kryteriów
Rozkład punktacji
Procent ludzi z każdym wynikiem
Percentyl według liczby udzielonych odpowiedzi
Twoja historia wyników
Nie rozwiązałeś tego quizu